000 00442nam a2200181Ia 4500
003 OST
005 20240606080819.0
008 150730s9999 xx 000 0 und d
020 _a996671011X
040 _cMRUC
100 _aKURIA ELIZABETH
245 _aTHE BASICS OF FOOD NUTRITION
264 _aNairobi
264 _b"Aged,Children And Women Organisation"
264 _c2008
942 _2lcc
_cBK
999 _c535
_d535